[Event "ch-SCCF"]
[Site "Los Angeles USA"]
[Date "2000.07.16"]
[Round "7"]
[White "Peters,Joh"]
[Black "Yee,K"]
[Result "1-0"]
[WhiteElo "2462"]
[BlackElo "2276"]

1.e4 c5 2.Nf3 e6 3.d4 cxd4 4.Nxd4 a6 5.Bd3 Nf6 6.O-O d6 7.c4 g6 8.Nc3 Bg7
9.Bg5 Nbd7 10.Rc1 O-O 11.Qd2 Re8 12.Rfd1 Nc5 13.Bb1 Bd7 14.Nde2 Rc8 15.Qxd6 Qa5
16.Qd2 Ng4 17.h3 Ne5 18.b3 b5 19.f4 Nc6 20.cxb5 axb5 21.e5 Nb4 22.Nd4 Qb6
23.Qf2 Bf8 24.f5 Qb8 25.fxg6 fxg6 26.Rf1  1-0

[Event "WIPRO GM"]
[Site "Hyderabad IND"]
[Date "2000.07.20"]
[Round "5"]
[White "Prasad,D"]
[Black "Sorokin,M"]
[Result "1/2-1/2"]
[WhiteElo "2431"]
[BlackElo "2541"]

1.e4 c5 2.Nf3 e6 3.d4 cxd4 4.Nxd4 a6 5.Bd3 Nf6 6.O-O d6 7.c4 Bd7 8.Nc3 Nc6
9.Nxc6 Bxc6 10.Qe2 Be7 11.f4 O-O 12.b3 Qa5 13.Bd2 Qh5 14.Qxh5 Nxh5 15.a4 a5  1/2-1/2

[Event "ch-Paris"]
[Site "Paris FRA"]
[Date "2000.07.21"]
[Round "7"]
[White "Abergel,T"]
[Black "Aranovitch,G"]
[Result "1-0"]
[WhiteElo "2279"]
[BlackElo "2098"]

1.e4 c5 2.Nf3 e6 3.d4 cxd4 4.Nxd4 a6 5.Bd3 Nf6 6.O-O d6 7.f4 Be7 8.Nc3 O-O
9.Kh1 Qc7 10.f5 Nc6 11.Nxc6 bxc6 12.g4 exf5 13.gxf5 d5 14.Qe2 dxe4 15.Bxe4 Bb7
16.Bg2 c5 17.Bf4 Bxg2+ 18.Qxg2 Qb6 19.Bh6 g6 20.fxg6 hxg6 21.Bxf8 Rxf8 22.Rae1 Qxb2
23.Nd1  1-0

[Event "It"]
[Site "Bergen NOR"]
[Date "2000.07.22"]
[Round "2"]
[White "Agopov,M"]
[Black "Volzhin,A"]
[Result "1/2-1/2"]
[WhiteElo "2399"]
[BlackElo "2556"]

1.e4 c5 2.Nf3 e6 3.d4 cxd4 4.Nxd4 a6 5.Bd3 Nf6 6.O-O d6 7.c4 Bd7 8.Be3 Be7
9.Nc3 Nc6 10.Rc1 O-O 11.f3 Rc8 12.b3 Ne5 13.Be2 Ng6 14.Qd2 Re8 15.Rfd1 Qc7
16.Bf1 Qb8 17.Kh1 Bd8 18.b4 Bc7 19.Nb3 Rcd8 20.Qf2 b6 21.Qg1 Bc6 22.b5 axb5
23.Nxb5 Nd7 24.N3d4 Qb7 25.Nxc7 Qxc7 26.Nb5 Bxb5 27.cxb5 Nc5 28.Qf2 Ra8 29.Qd2 Red8
30.Bf2 Qa7 31.Bg3 d5 32.exd5 exd5 33.Bd3 Nxd3 34.Qxd3 Qxa2 35.Bc7 Re8 36.Bxb6 Nf4
37.Qd2 Qxd2 38.Rxd2 Ne2 39.Rb1 Nc3 40.Rc1 Ne2 41.Rb1 Nc3  1/2-1/2

[Event "KB Czech Open"]
[Site "Pardubice CZE"]
[Date "2000.07.22"]
[Round "2"]
[White "Kersten,U"]
[Black "Oral,T"]
[Result "0-1"]
[WhiteElo "2339"]
[BlackElo "2531"]

1.e4 c5 2.Nf3 e6 3.d4 cxd4 4.Nxd4 a6 5.Bd3 Bc5 6.Nb3 Ba7 7.O-O Nc6 8.c4 d6
9.Nc3 Nge7 10.Kh1 e5 11.Nd5 O-O 12.Be3 Bxe3 13.Nxe3 a5 14.Nc1 Ng6 15.Ne2 Qg5
16.Nc3 Nd4 17.Re1 h5 18.Bf1 h4 19.Nb5 Nxb5 20.cxb5 Be6 21.Bc4 Bxc4 22.Nxc4 h3
23.Qf3 hxg2+ 24.Qxg2 Qf6 25.Rad1 Rfd8 26.Nb6 Nf4 27.Qg4 Rab8 28.Re3 Qe7 29.Rc3 g6
30.Nd5 Nxd5 31.Rxd5 Kg7 32.b6 Rh8 33.Rdd3 Rh4 34.Qg2 Rbh8 35.h3 Rf4 36.Rg3 Qf6
37.Kg1 d5 38.exd5 Qxb6 39.Rb3 Qf6 40.Rxb7 Rc8 41.Rc3 Rxc3 42.bxc3 Rf5 43.Qe4 Rg5+
44.Kh1 Qxf2 45.Rb1 Rg3 46.Qxe5+ Kh7  0-1

[Event "10th Open"]
[Site "Jyvaskyla FIN"]
[Date "2000.07.23"]
[Round "9"]
[White "Nouro,M"]
[Black "Karttunen,M"]
[Result "1/2-1/2"]
[WhiteElo "2397"]
[BlackElo "2399"]

1.e4 c5 2.Nf3 e6 3.d4 cxd4 4.Nxd4 a6 5.Bd3 Nf6 6.O-O Qc7 7.Qe2 d6 8.c4 g6
9.Nc3 Bg7 10.Kh1 O-O 11.f4 Nbd7 12.Nf3 b6 13.Bd2 Bb7 14.Rae1 Nc5 15.Bb1 d5
16.e5 Nfe4 17.cxd5 Nxc3 18.Bxc3 Bxd5 19.Bd4 Rfd8 20.Qe3 Rac8 21.b4 Na4 22.Ng5 Qc4
23.Ba1 Qxb4 24.Qh3 h6 25.Nxf7 Kxf7 26.Qg4 Ke7 27.Qxg6 Rg8 28.f5 exf5 29.a3 Qxa3
30.e6 Bxa1 31.Qf7+ Kd6 32.Qd7+ Kc5 33.Qe7+ Kb5 34.Qxa3 Bxg2+ 35.Kg1 Bd4+
36.Re3 Rc3 37.Rxf5+ Bd5+ 38.Kf1 Rxa3 39.Rxd5+ Kc6 40.Rxa3 Kxd5 41.Ba2+ Ke5
42.Rxa4 Ra8 43.Rxa6 Rxa6 44.e7 Ra8 45.Bf7 b5 46.e8=Q+ Rxe8 47.Bxe8 b4 48.Bf7 Kf4
49.Ke2 Bg1 50.h3 Kg3 51.Be6 h5 52.Kd3 h4 53.Kc4 Bc5 54.Kxc5 b3 55.Bxb3 Kxh3
56.Kd4 Kh2 57.Be6 h3 58.Bxh3  1/2-1/2

[Event "Open"]
[Site "Dieren NED"]
[Date "2000.07.24"]
[Round "6"]
[White "Van Delft,M"]
[Black "Meijere,A"]
[Result "1-0"]
[WhiteElo "2320"]
[BlackElo "2205"]

1.e4 c5 2.Nf3 e6 3.d4 cxd4 4.Nxd4 a6 5.Bd3 Qc7 6.O-O Nc6 7.Nxc6 dxc6 8.a4 a5
9.Qe2 Bd6 10.f4 e5 11.f5 Nf6 12.Be3 h5 13.Nd2 Qe7 14.Nc4 Bc5 15.Bxc5 Qxc5+
16.Qf2 Nxe4 17.Bxe4 Qxc4 18.f6 Qd4 19.Qxd4 exd4 20.fxg7 Rg8 21.Rae1 Be6 22.Bg6 Rxg7
23.Rxe6+  1-0

[Event "Open"]
[Site "Dieren NED"]
[Date "2000.07.24"]
[Round "6"]
[White "L'Ami,E"]
[Black "Szuveges,G"]
[Result "1-0"]
[WhiteElo "2295"]
[BlackElo "2159"]

1.e4 c5 2.Nf3 e6 3.d4 cxd4 4.Nxd4 a6 5.Bd3 Bc5 6.Nb3 Ba7 7.Qe2 d6 8.Be3 Nc6
9.Nc3 Qc7 10.Bxa7 Rxa7 11.Qg4 Kf8 12.O-O Nf6 13.Qg3 h5 14.f4 b5 15.Rae1 b4
16.Nd1 Qb6+ 17.Nf2 e5 18.f5 Rc7 19.Nd2 Nd4 20.Nc4 Qc5 21.b3 Rg8 22.Kh1 Bb7
23.Nh3 Re7 24.Ng5 Rh8 25.Qh4 Ng4 26.h3 Nf6 27.Ra1 d5 28.exd5 Qxd5 29.Rf2 Rh6
30.Ne3 Qc6 31.Re1 Qc3 32.Rff1 Qc6 33.Rf2 Qc3 34.Rff1 Qc6 35.Qf2 h4 36.Ng4 Nxg4
37.hxg4 h3 38.Ne4 Qb6 39.g5 Bxe4 40.Rxe4 hxg2+ 41.Kxg2 Rh5 42.Qg3 f6 43.Rh4 Rxh4
44.Qxh4 Ke8 45.Qh8+ Kd7 46.Be4 Qb5 47.Rf2 Qb6 48.g6 Qb5 49.Qg8 Kc7 50.Qa8 Nc6
51.Rd2 Rd7 52.Rd3 Rxd3 53.cxd3 Nb8 54.Qa7+ Kd6 55.Qxg7 Nd7 56.Qf7 Qc5 57.Qe6+ Kc7
58.Qc4 Kd8 59.Qxc5 Nxc5 60.g7  1-0

[Event "MTO Open"]
[Site "Biel SUI"]
[Date "2000.07.25"]
[Round "2"]
[White "Balcerak,P"]
[Black "Meyer,B"]
[Result "1/2-1/2"]
[WhiteElo "2110"]
[BlackElo "2235"]

1.e4 c5 2.Nf3 e6 3.d4 cxd4 4.Nxd4 a6 5.Bd3 Bc5 6.Nb3 Ba7 7.Qe2 Nc6 8.Be3 Nge7
9.c4 Qc7 10.Bxa7 Rxa7 11.N1d2 Ng6 12.O-O O-O 13.Qe3 b6 14.f4 f6 15.Rac1 Rb7
16.Bb1 Rb8 17.h4 Nge7 18.h5 h6 19.a3 Bb7 20.Nf3 Na5 21.Nbd2 Qc5 22.Qxc5 bxc5
23.b4 cxb4 24.axb4 Nac6 25.b5 axb5 26.cxb5 Na7 27.Rc7 Nxb5 28.Rxd7 Kf7 29.e5 Rfd8
30.Rxd8  1/2-1/2

[Event "12th Open"]
[Site "Porto POR"]
[Date "2000.07.25"]
[Round "4"]
[White "Santos,CP"]
[Black "Spraggett,K"]
[Result "1-0"]
[WhiteElo "2385"]
[BlackElo "2501"]

1.e4 c5 2.Nf3 e6 3.d4 cxd4 4.Nxd4 a6 5.Bd3 Nf6 6.O-O d6 7.c4 Be7 8.Nc3 Qc7
9.Qe2 O-O 10.b3 b5 11.Bb2 b4 12.Nd1 Nbd7 13.f4 Bb7 14.Nf2 g6 15.Nc2 Nc5 16.Rad1 a5
17.Ne3 a4 18.Neg4 Nxg4 19.Nxg4 f6 20.Bb1 axb3 21.axb3 Qc6 22.e5 dxe5 23.fxe5 f5
24.Nf6+ Bxf6 25.exf6 Rad8 26.Bc2 Ne4 27.Bxe4 Qxe4 28.Qxe4 Bxe4 29.Be5 Bc2
30.Rxd8 Rxd8 31.Rc1 Bxb3 32.c5 Bd5 33.c6 Rc8 34.c7 b3 35.Rc5 g5 36.Rb5 Bc6
37.Rb8 Bd7 38.Rxb3 Kf7 39.Rd3 Bc6 40.Rd8  1-0

[Event "MTO Open"]
[Site "Biel SUI"]
[Date "2000.07.28"]
[Round "5"]
[White "Balcerak,J"]
[Black "Pikula,D"]
[Result "1/2-1/2"]
[WhiteElo "2413"]
[BlackElo "2503"]

1.e4 c5 2.Nf3 e6 3.d4 cxd4 4.Nxd4 a6 5.Bd3 Nf6 6.O-O d6 7.c4 Bd7 8.Nc3 Nc6
9.Nxc6 Bxc6 10.Qe2 Be7 11.b3 O-O 12.Bb2 Qa5 13.a3 Qh5 14.Qxh5 Nxh5 15.Rfe1 Nf6
16.Nd5 Bd8 17.Nxf6+ Bxf6 18.Bxf6 gxf6 19.Re3 b5 20.Rc1 Rfc8 21.f3 Be8 22.Bf1 Kf8
23.Rec3 Ra7 24.cxb5 Rxc3 25.Rxc3 axb5 26.Rc8 Rb7 27.b4 Ke7 28.Kf2 Bd7 29.Rc3 e5
30.f4 h6 31.Ke3 Kd8 32.Bd3 Rb6 33.f5 Bc6 34.Bc2 Ra6 35.Bb1 Kd7 36.Ba2 Ke7
37.g3  1/2-1/2

[Event "12th Open"]
[Site "Porto POR"]
[Date "2000.07.29"]
[Round "8"]
[White "Rocha,S"]
[Black "Camejo,R"]
[Result "1/2-1/2"]
[WhiteElo "2374"]
[BlackElo "2270"]

1.e4 c5 2.Nf3 e6 3.d4 cxd4 4.Nxd4 a6 5.Bd3 b5 6.O-O Qb6 7.Nb3 Nc6 8.a4 bxa4
9.Rxa4 Nb4 10.Be3 Qc7 11.Nc3 Rb8 12.Be2 Nf6 13.Qd2 Bb7 14.Bf3 Bc6 15.Raa1 d6
16.Rfe1 Be7 17.Bf4 e5 18.Bg5 h6 19.Be3 O-O 20.Na5 Ba8 21.b3 Rfd8 22.Nc4 d5
23.exd5 Nbxd5 24.Nxd5 Nxd5 25.Qc1 Nxe3 26.Qxe3 Bc5 27.Qe2 Bb4 28.Red1 e4
29.Rxd8+ Rxd8 30.Bxe4 Re8 31.Bh7+ Kf8 32.Qh5 Qc6 33.Qh3 Qf6 34.Rf1 g6 35.Qxh6+ Ke7
36.Qh3  1/2-1/2

[Event "MTO Open"]
[Site "Biel SUI"]
[Date "2000.08.04"]
[Round "11"]
[White "Konguvel,P"]
[Black "Pikula,D"]
[Result "0-1"]
[WhiteElo "2377"]
[BlackElo "2503"]

1.e4 c5 2.Nf3 e6 3.d4 cxd4 4.Nxd4 a6 5.Bd3 Nf6 6.O-O d6 7.c4 Nbd7 8.Nc3 b6
9.Qe2 Bb7 10.f4 g6 11.f5 Qe7 12.fxe6 fxe6 13.Bg5 Bg7 14.Qf3 O-O 15.Qh3 Rae8
16.Rae1 Ne5 17.Bc2 Nf7 18.Be3 Bc8 19.Qh4 Bd7 20.Nf3 Bc6 21.Nd4 Bd7 22.Ba4 Ne5
23.Bg5 Bxa4 24.Nxa4 Nxc4 25.Nc6 Qc7 26.e5 dxe5 27.Qxc4 b5 28.Qh4 Qxc6 29.Bxf6 bxa4
30.Bxg7 Kxg7 31.Rc1 Rxf1+ 32.Rxf1 Qc5+ 33.Kh1 Rf8 34.Rd1 Qd4 35.Qe7+ Rf7
36.Rxd4 exd4  0-1

[Event "FSIMA August"]
[Site "Budapest HUN"]
[Date "2000.08.06"]
[Round "2"]
[White "Szabo,Zo"]
[Black "Ibanez Terradellas,E"]
[Result "1-0"]
[WhiteElo "2320"]
[BlackElo "2289"]

1.e4 c5 2.Nf3 e6 3.d4 cxd4 4.Nxd4 a6 5.Bd3 Bc5 6.Nb3 Ba7 7.O-O Nc6 8.Nc3 d6
9.Be2 Nge7 10.Bf4 e5 11.Bg5 Be6 12.Qd2 Qc7 13.Kh1 O-O 14.Rad1 Rfd8 15.f4 f6
16.Bh4 Nd4 17.Bd3 Rac8 18.Bf2 Nxb3 19.axb3 Bc5 20.Be3 exf4 21.Bxf4 Ng6 22.Nd5 Qf7
23.Bg3 Ne5 24.Be2 Bxd5 25.exd5 Re8 26.b4 Ba7 27.b3 Qg6 28.c4 Qe4 29.Bh5 Be3
30.Qe2 g6 31.Rf4 Qxf4 32.Bxf4 Bxf4 33.Qf2 Bh6 34.Be2 Nd7 35.Bg4 f5 36.Bxf5 gxf5
37.Qg3+ Bg7 38.Qxd6 Nf6 39.Rf1 Ng4 40.Qf4 Re4 41.Qg5 Rce8 42.d6 Re1 43.Qxf5 Rxf1+
44.Qxf1 Rf8 45.Qe2 Nf2+ 46.Kg1 Bd4 47.g3 Ne4+ 48.Kh1 Nxd6 49.Qe6+ Nf7 50.Qd5 Be5
51.Qxb7 Rb8 52.Qxa6 Rxb4 53.Qa3 Bd6 54.Qb2 Rb8 55.Qc3 Bb4 56.Qe3 Rd8 57.c5 Rd1+
58.Kg2 Rd2+ 59.Kh3 Rc2 60.c6 Bd6  1-0

[Event "ch-GBR"]
[Site "Millfield ENG"]
[Date "2000.08.09"]
[Round "9"]
[White "Mahesh Chandran,P"]
[Black "Jackson,O"]
[Result "1/2-1/2"]
[WhiteElo "2238"]
[BlackElo "2209"]

1.e4 c5 2.Nf3 e6 3.d4 cxd4 4.Nxd4 a6 5.Bd3 Nf6 6.O-O Qc7 7.Qe2 d6 8.c4 g6
9.Nc3 Bg7 10.Rd1 O-O 11.Nf3 Nc6 12.Bf4 e5 13.Be3 Bg4 14.h3 Nd4 15.Bxd4 exd4
16.Nd5 Nxd5 17.hxg4 Nf4 18.Qd2 Ne6 19.Rac1 a5 20.Bf1 Rfe8 21.g3 Qb6 22.b3 Nc5
23.Nxd4 Nxe4 24.Qd3 a4 25.Bg2 Nc5 26.Qd2 axb3 27.Nxb3 Ne4 28.Bxe4 Rxe4 29.Qxd6 Qxd6
30.Rxd6 Rxa2 31.Rd8+ Bf8 32.Rc3 Kg7 33.Rd7 Bb4 34.Rcd3 b6 35.Rb7 Rb2 36.c5 Be1
37.Rf3 Bxf2+ 38.Rxf2 Rxb3 39.Kh2 Rxg4 40.Rfxf7+ Kh6 41.Rxh7+ Kg5 42.Rxb6 Rbxg3
43.Rb2 Rc3 44.Rg2 Rxc5 45.Ra7 Rc4 46.Ra3 Rf4 47.Kh3 Rxg2 48.Kxg2 Rg4+ 49.Kh3 Rg1
50.Kh2 Rf1 51.Kg3 Rf5 52.Rb3 Kh5 53.Ra3 g5 54.Ra4 Rb5 55.Rc4 Rb3+ 56.Kg2 g4
57.Rc8  1/2-1/2

[Event "TCh-ESP"]
[Site "Barcelona ESP"]
[Date "2000.08.10"]
[Round "6"]
[White "Paredes Galan,A"]
[Black "Cacho Reigadas,S"]
[Result "0-1"]
[WhiteElo "2285"]
[BlackElo "2444"]

1.e4 e6 2.d4 c5 3.Nf3 cxd4 4.Nxd4 a6 5.Bd3 Nf6 6.Nc3 Qc7 7.O-O Nc6 8.Be3 Bd6
9.h3 Bf4 10.Qd2 Bxe3 11.Qxe3 Nxd4 12.Qxd4 e5 13.Qe3 d6 14.f4 Be6 15.Rad1 exf4
16.Rxf4 Nd7 17.Qg3 O-O 18.Kh1 Ne5 19.Nd5 Bxd5 20.exd5 Rae8 21.Bf5 g6 22.c4 Kh8
23.Bb1 f5 24.Qc3 Kg8 25.a3 Nd7 26.Rdf1 Re5 27.R4f3 Rfe8 28.b3 Qd8 29.b4 Qe7
30.c5 dxc5 31.Ba2 Qd6 32.bxc5 Nxc5 33.Qb4 R8e7 34.Qc3 Ne4 35.Qd4 f4 36.Kh2 g5
37.Rc1 Ng3 38.Qd2 Kg7 39.Bc4 Nf5 40.Qc3 Kh6 41.Rd1 Rc7 42.Qb3 Nh4 43.Rf2 Re3
44.Bd3 f3+ 45.g3 Nf5 46.Rg1 Re1 47.Bxf5 Rxg1  0-1

[Event "FSIMA August"]
[Site "Budapest HUN"]
[Date "2000.08.10"]
[Round "6"]
[White "Szabo,Zo"]
[Black "Yu Mingyuan"]
[Result "1-0"]
[WhiteElo "2320"]
[BlackElo "2319"]

1.e4 c5 2.Nf3 e6 3.d4 cxd4 4.Nxd4 a6 5.Bd3 Bc5 6.Nb3 Ba7 7.O-O Nc6 8.Qe2 d6
9.Be3 e5 10.Bxa7 Rxa7 11.c4 Nge7 12.Nc3 O-O 13.Rfd1 Be6 14.Rd2 Qc7 15.Qe3 Raa8
16.Rc1 Rad8 17.Nd5 Qb8 18.Rcd1 b5 19.Bf1 Bxd5 20.cxd5 Na7 21.g3 f5 22.Bh3 Nac8
23.Rc1 Nb6 24.Na5 Rc8 25.Rdc2 Rxc2 26.Rxc2 Rc8 27.Rxc8+ Nbxc8 28.Nc6 Nxc6
29.dxc6 Ne7 30.Qc3 Qc7 31.Bxf5 Qxc6 32.Be6+ Kh8 33.Qa5 Qa8 34.Qc7 Ng6 35.Qxd6 Qf8
36.Qxa6 Qf3 37.Qxb5 h5 38.Qe8+ Kh7 39.Bf5 Qd1+ 40.Kg2  1-0

[Event "Penta Media GM"]
[Site "Kelamabakkam IND"]
[Date "2000.08.15"]
[Round "2"]
[White "Reefat,S"]
[Black "Kunte,A"]
[Result "1/2-1/2"]
[WhiteElo "2467"]
[BlackElo "2556"]

1.e4 c5 2.Nf3 e6 3.d4 cxd4 4.Nxd4 a6 5.Bd3 Qb6 6.Nb3 Qc7 7.O-O Nc6 8.f4 d6
9.Be3 Nf6 10.c4 Nb4 11.Nc3 Nxd3 12.Qxd3 Be7 13.Bd4 O-O 14.Rad1 b5 15.cxb5 axb5
16.Nxb5 Qb8 17.e5 dxe5 18.fxe5 Nd7 19.Rfe1 Rxa2 20.Nd6 Bb7 21.Qb5 Bc8 22.Qxb8 Nxb8
23.Rc1 Bd7 24.Rc7 Rd8 25.Rb7 Ra8 26.Ra1 Rxa1+ 27.Nxa1 Bg5 28.Nc2 Bc6 29.Ra7 f6  1/2-1/2

[Event "Lost Boys Open"]
[Site "Amsterdam NED"]
[Date "2000.08.19"]
[Round "9"]
[White "Solleveld,M"]
[Black "Blees,A"]
[Result "1/2-1/2"]
[WhiteElo "2426"]
[BlackElo "2389"]

1.e4 c5 2.Nf3 e6 3.d4 cxd4 4.Nxd4 a6 5.Bd3 Nf6 6.O-O Qc7 7.Qe2 Bc5 8.Nb3 Be7
9.e5 Nd5 10.c4 Nb4 11.Bf4 N8c6 12.Rd1 Nxd3 13.Rxd3 f6 14.exf6 Qxf4 15.fxe7 b5
16.N1d2 bxc4 17.Rf3 Qe5 18.Re3 Qxb2 19.Qxc4 Rb8 20.Rd1 Rb4 21.Qd3 d5 22.Rh3 Nxe7
23.Rxh7 O-O 24.Rh3 Nf5 25.Qc3 Qxc3 26.Rxc3 a5 27.Nxa5 Ra4 28.Nc6 Rxa2 29.g4 Nd6
30.Nf3 Ba6 31.Ng5 Rfxf2 32.Rg3 Rfd2 33.Rxd2 Rxd2 34.Rf3 Rd1+ 35.Kg2 Rd2+
36.Kg1 Nc8 37.Nxe6 Rd1+ 38.Kg2 Rd2+ 39.Kg3 Nd6 40.Ng5 Ne4+ 41.Nxe4 dxe4 42.Ne7+ Kh7
43.Rf5 Rd3+ 44.Kh4 Rd6 45.Re5 Bd3 46.Nf5 Rd7 47.Kg5 g6 48.Ne7 Rd6 49.h4 Kg7
50.h5 e3 51.h6+ Kh7 52.Rxe3 Bc4 53.Re5 Re6 54.Rc5 Rxe7 55.Rxc4 Ra7 56.Rc5 Rb7
57.Rd5 Ra7 58.Re5 Rb7 59.Re1 Rb5+ 60.Kf6 Rb6+ 61.Re6 Rb5 62.Re5 Rb6+ 63.Kg5 Rb7  1/2-1/2

[Event "Open"]
[Site "Polanica Zdroj POL"]
[Date "2000.08.20"]
[Round "4"]
[White "Jakubowski,K"]
[Black "Volokitin,A"]
[Result "1-0"]
[WhiteElo "2371"]
[BlackElo "2447"]

1.e4 c5 2.Nf3 e6 3.d4 cxd4 4.Nxd4 a6 5.Bd3 Nf6 6.O-O d6 7.a4 b6 8.Nc3 Bb7
9.f4 Nbd7 10.Kh1 Be7 11.Qe1 O-O 12.Rf3 Qc7 13.Rh3 Rfd8 14.Nf3 Nc5 15.b4 Nxd3
16.cxd3 d5 17.e5 Bxb4 18.exf6 Bxc3 19.Qh4 h6 20.Rg3 Bxa1 21.Ba3 g6 22.d4 Rac8
23.h3 Bxd4 24.Nxd4 Kh7 25.Rg4 h5 26.Rg5 Kg8 27.Rxh5 Qc1+ 28.Bxc1 Rxc1+ 29.Kh2 gxh5  1-0

[Event "Open"]
[Site "Polanica Zdroj POL"]
[Date "2000.08.21"]
[Round "5"]
[White "Andreev,Ed"]
[Black "Malakhatko,V"]
[Result "1-0"]
[WhiteElo "2433"]
[BlackElo "2564"]

1.e4 c5 2.Nf3 e6 3.d4 cxd4 4.Nxd4 a6 5.Bd3 Qc7 6.O-O Nf6 7.Nc3 Nc6 8.Be3 h5
9.h3 b5 10.Nxc6 Qxc6 11.a3 Bb7 12.Qf3 Bd6 13.Bf4 Bxf4 14.Qxf4 d6 15.Rfe1 Kf8
16.Rad1 h4 17.Be2 e5 18.Qe3 Rh6 19.Rd3 Qc5 20.Qxc5 dxc5 21.Rd6 Ke7 22.Rb6 Rb8
23.a4 b4 24.Nd5+ Nxd5 25.Rxh6 gxh6 26.exd5 Kd6 27.Bc4 f5 28.a5 Bc8 29.g3 hxg3
30.fxg3 Bd7 31.Re3 Bb5 32.b3 h5 33.Rf3 Bd7 34.Rf1 Rg8 35.Kf2 Bc8 36.Rg1 e4
37.Ke3 Ke5 38.h4 Rg6 39.Be2 Bb7 40.Bxh5 Rf6 41.Be2 Bxd5 42.h5 Rh6 43.Rf1 Rf6
44.Rf4 Re6 45.g4 fxg4 46.Bxg4 Kd6 47.Be2 Ke5 48.Rf8 Rc6 49.Bg4 Rc7 50.Rf5+ Kd6
51.h6 c4 52.Kd4 Bg8 53.Rf6+ Ke7 54.Rg6 cxb3 55.cxb3 Kf8 56.Rxa6 Bh7 57.Rb6 e3
58.a6  1-0

[Event "Open"]
[Site "Polanica Zdroj POL"]
[Date "2000.08.21"]
[Round "5"]
[White "Owczarzak,J"]
[Black "Mikhaletz,L"]
[Result "0-1"]
[WhiteElo "2234"]
[BlackElo "2479"]

1.e4 c5 2.Nf3 e6 3.d4 cxd4 4.Nxd4 a6 5.Bd3 Qc7 6.c4 Nf6 7.Nc3 g6 8.Be3 Bg7
9.Rc1 d6 10.O-O O-O 11.b4 b6 12.f3 Nbd7 13.Nb3 Bb7 14.Qd2 Ne5 15.Rfd1 Rfd8
16.Na4 Nfd7 17.Qf2 Nxd3 18.Rxd3 Rab8 19.Nxb6 Bxe4 20.fxe4 Nxb6 21.c5 dxc5
22.Rxd8+ Rxd8 23.Nxc5 Nc4 24.Kh1 Nxe3 25.Qxe3 Be5 26.g3 Qc6 27.Qe2 Qb5 28.Qxb5 axb5
29.Nb7 Rd7 30.Rc5 Bxg3 31.Rxb5 Bf4 32.a4 Rd2 33.h4 Ra2 34.a5 h5 35.Rc5 Bd2
36.Rc8+ Kg7 37.b5 g5 38.b6 g4 39.Nd6 Bf4 40.Ne8+ Kg6 41.Nc7 g3 42.Rg8+ Kh7
43.Rxg3 Bxg3 44.a6 Bf2 45.a7 Bxb6 46.a8=Q Rxa8 47.Nxa8 Ba5 48.Kg2 Kg6 49.Kf3 e5
50.Ke3 f5 51.exf5+ Kxf5 52.Kf3 e4+ 53.Ke3 Ke5  0-1

[Event "Open"]
[Site "Porto San Giorgio ITA"]
[Date "2000.08.21"]
[Round "2"]
[White "Pozzi,E"]
[Black "Miezis,N"]
[Result "0-1"]
[WhiteElo "2260"]
[BlackElo "2518"]

1.e4 c5 2.Nf3 e6 3.d4 cxd4 4.Nxd4 a6 5.Bd3 Nc6 6.Nxc6 dxc6 7.O-O e5 8.Nd2 Nf6
9.Qf3 Qc7 10.a4 h5 11.Nc4 h4 12.h3 Bc5 13.c3 Be6 14.b4 Ba7 15.Rd1 Nh5 16.Be2 Kf8
17.Bg5 f6 18.Bxh4 Kg8 19.Nd6 g5 20.Bg3 g4 21.Qd3 Rd8 22.Bh2 g3 23.Bxg3 Rxd6
24.Qxd6 Qxd6 25.Rxd6 Nxg3 26.Rxe6 Nxe2+ 27.Kf1 Kf7 28.Rd6 Nxc3 29.Rd7+ Ke6
30.Rxb7 Bd4 31.Rc1 Kd6 32.f3 Nxa4 33.Rf7 Rh6 34.Ke1 Bc3+ 35.Kf2 Bxb4 36.Rd1+ Kc5
37.h4 a5 38.h5 Nb2 39.Rdd7 Rxh5 40.Rxf6 Rh1 41.Rdd6 Nd1+ 42.Ke2 Re1+ 43.Kd3 Nb2+
44.Kc2 Re2+ 45.Kb1 Kc4 46.Rxc6+ Kb3 47.f4 Nd3  0-1

[Event "ch-FRA Pool A"]
[Site "Vichy FRA"]
[Date "2000.08.22"]
[Round "5"]
[White "Degraeve,JM"]
[Black "Hauchard,A"]
[Result "1/2-1/2"]
[WhiteElo "2540"]
[BlackElo "2539"]

1.e4 c5 2.Nf3 e6 3.d4 cxd4 4.Nxd4 a6 5.Bd3 d5 6.exd5 Qxd5 7.O-O Nf6 8.Nc3 Qd8
9.Be3 Nbd7 10.Bc4 Ne5 11.Bb3 Be7 12.h3 Bd7 13.Qe2 Nc6 14.Rad1 Qc7 15.Na4 Nxd4
16.Bxd4 Bb5 17.c4 Bc6 18.Nb6 Rd8 19.Qe3 Nd7 20.Rfe1 O-O 21.Nxd7 Rxd7 22.Be5 Qc8
23.Rxd7 Qxd7 24.Rd1 Qc8 25.Qg3 g6 26.Bc3 Rd8 27.Rxd8+ Bxd8 28.c5 Bc7 29.Qe3 Qd8
30.f4 Qh4 31.Be5 Bxe5 32.fxe5 Kg7 33.Kh2 h6 34.Bd1 Qb4 35.b3 Qa3 36.Qf2 Qc1
37.Qf6+ Kg8 38.Qd8+ Kg7 39.Qf6+ Kg8 40.Qd8+ Kh7 41.Qf6  1/2-1/2

[Event "It"]
[Site "Miercurea Ciuc ROM"]
[Date "2000.08.23"]
[Round "5"]
[White "Bromberger,S"]
[Black "Nemeth,Z"]
[Result "1-0"]
[WhiteElo "2375"]
[BlackElo "2308"]

1.e4 c5 2.Nf3 e6 3.d4 cxd4 4.Nxd4 a6 5.Bd3 g6 6.O-O Bg7 7.Nb3 Ne7 8.c4 O-O
9.Nc3 d5 10.exd5 exd5 11.Bg5 d4 12.Nd5 f6 13.Bf4 Nxd5 14.cxd5 Qxd5 15.Rc1 Kh8
16.Re1 f5 17.h4 Nc6 18.h5 b5 19.Be2 Ne5 20.h6 Bf6 21.Rc5 Qe6 22.Bxe5 Bxe5
23.Bf3  1-0

[Event "Open"]
[Site "Polanica Zdroj POL"]
[Date "2000.08.23"]
[Round "6"]
[White "Gorin,L"]
[Black "Kengis,E"]
[Result "1/2-1/2"]
[WhiteElo "2413"]
[BlackElo "2589"]

1.e4 c5 2.Nf3 e6 3.d4 cxd4 4.Nxd4 a6 5.Bd3 g6 6.O-O Bg7 7.Nf3 Nc6 8.Nc3 Nge7
9.Re1 d6 10.Bf4 e5 11.Bg5 Be6 12.Qd2 h6 13.Bxe7 Nxe7 14.Qe2 Qc7 15.Nd1 O-O
16.c4 Rac8 17.b3 h5 18.Ne3 Bh6 19.Rad1 Kg7 20.Bb1 Bxe3 21.fxe3 Ng8 22.h3 Qe7
23.Qf2 Rc6 24.Rf1 b5 25.cxb5 axb5 26.Qd2 Rfc8 27.Qb4 Rc5 28.Rd2 Bd7 29.Rfd1 R8c6
30.Rd3 Nf6 31.Kh2 Rc1 32.Qe1 Rxb1 33.Rxb1 Nxe4 34.Rc1 Rxc1 35.Qxc1 Nc5 36.Rc3 b4
37.Rc4 Be6 38.Rc2 Bf5 39.Rc4 Be6 40.Rc2 Bf5 41.Rc4  1/2-1/2

[Event "5th Paks Cup GM"]
[Site "Paks HUN"]
[Date "2000.08.24"]
[Round "6"]
[White "Varga,Zo"]
[Black "Sulava,N"]
[Result "0-1"]
[WhiteElo "2541"]
[BlackElo "2549"]

1.e4 c5 2.Nf3 e6 3.d4 cxd4 4.Nxd4 a6 5.Bd3 Nf6 6.Qe2 d6 7.O-O Be7 8.c4 Bd7
9.b3 Nc6 10.Bb2 O-O 11.Nd2 Qb8 12.Rac1 Rd8 13.Rfd1 Ne5 14.Bb1 Ng6 15.g3 b5
16.cxb5 axb5 17.Nc6 Bxc6 18.Rxc6 Nd7 19.Nf3 Nc5 20.e5 Qb7 21.Rcxd6 Bxd6 22.exd6 Ra6
23.Rc1 Nd7 24.Nd4 Rxd6 25.Nxb5 Rd5 26.Nc3 Rc5 27.Rd1 Qa8 28.Na4 Rd5 29.Re1 Qa5
30.Nc3 Rd6 31.Ne4 Rc6 32.h4 Nde5 33.Kg2 h5 34.Kh3 Nf3 35.Rd1 Qf5+ 36.Kg2 Nf4+
37.gxf4 Qg4+ 38.Ng3 Nxh4+ 39.Kh2 Rxd1  0-1

[Event "III Pyramiden-Franken Cup"]
[Site "Fuerth GER"]
[Date "2000.08.25"]
[Round "7"]
[White "Enders,P"]
[Black "Gustafsson,J"]
[Result "1-0"]
[WhiteElo "2468"]
[BlackElo "2506"]

1.e4 c5 2.Nf3 e6 3.d4 cxd4 4.Nxd4 a6 5.Bd3 g6 6.Be3 Bg7 7.Nc3 Nc6 8.Nce2 Nf6
9.h3 d5 10.Nxc6 bxc6 11.e5 Nd7 12.f4 c5 13.b3 Bb7 14.O-O O-O 15.c4 Qe7 16.Qc2 f6
17.exf6 Bxf6 18.Rae1 Rae8 19.cxd5 exd5 20.Nc3 Qg7 21.Nd1 Bd4 22.Qf2 Bxe3
23.Rxe3 Rxe3 24.Qxe3 Qf6 25.f5 d4 26.Qe2 Ne5 27.fxg6 Qxf1+ 28.Qxf1 Rxf1+
29.Bxf1 hxg6 30.Nb2 Kf7 31.Na4 Nd7 32.h4 Kf6 33.g3 Bc6 34.Bxa6 Bxa4 35.bxa4 Ne5
36.Kf2 Ke6 37.a5 Kd6 38.Ke2 c4 39.g4 Kc5 40.h5 gxh5 41.gxh5 Kb4 42.Bxc4 Kxc4
43.a6 Kc3 44.a7 d3+ 45.Kf2 Ng4+ 46.Kg3 d2 47.a8=Q d1=Q 48.Qa3+  1-0

[Event "Penta Media GM"]
[Site "Kelamabakkam IND"]
[Date "2000.08.25"]
[Round "11"]
[White "Prasad,D"]
[Black "Ghaem Maghami,E"]
[Result "1/2-1/2"]
[WhiteElo "2431"]
[BlackElo "2488"]

1.e4 c5 2.Nf3 e6 3.d4 cxd4 4.Nxd4 a6 5.Bd3 g6 6.O-O Bg7 7.Be3 Nf6 8.Nc3 d6
9.f4 O-O 10.Qf3 Nbd7 11.Kh1 Qc7 12.Bg1 Rb8 13.a4 b6 14.Qe2 Ra8 15.Nb3 Bb7
16.Rae1 Nc5 17.Nd2 Nfd7 18.f5 Ne5 19.f6 Bh8 20.Be3 Ncd7 21.Bg5 Rfe8 22.Qf2 h6
23.Bxh6 Bxf6 24.Qg3 Qd8 25.Nf3 Qe7 26.Re2 Nxf3 27.Qxf3 Bg7 28.Bg5 Qf8 29.Qe3 d5
30.exd5 exd5 31.Qh3 Ne5 32.Ref2 d4 33.Ne4 Nxd3 34.cxd3 f5 35.Nd2 Rac8 36.Qg3 Re6
37.h4 Be5 38.Bf4 Qd6 39.Nc4 Bxf4 40.Rxf4 Qc7 41.h5 Qg7 42.R1f2 Rf8 43.Qg5 gxh5
44.Qxg7+ Kxg7 45.Rxd4 Kg6 46.Kh2 a5 47.Kg3 Kg5 48.b3 Rff6 49.Rd7 f4+ 50.Kh2 Ba6
51.Nd2 Kg6 52.Ne4 Rf5 53.Rc2 Bxd3 54.Rxd3 Rxe4 55.Rd6+ Rf6 56.Rcc6 Rxd6 57.Rxd6+ Kf5
58.Rxb6 Re3  1/2-1/2

[Event "ch-FRA Women"]
[Site "Vichy FRA"]
[Date "2000.08.25"]
[Round "10"]
[White "Muller,A"]
[Black "Marchadour,C"]
[Result "0-1"]
[WhiteElo "2135"]
[BlackElo "2126"]

1.e4 c5 2.Nf3 e6 3.d4 cxd4 4.Nxd4 a6 5.Bd3 Nf6 6.O-O Qc7 7.Nc3 b5 8.Qe2 d6
9.f4 Nbd7 10.a3 Be7 11.Nf3 Bb7 12.e5 Nd5 13.Bd2 dxe5 14.fxe5 Nxc3 15.Bxc3 Nc5
16.Rad1 Bd5 17.Kh1 h6 18.Bd4 Nxd3 19.Qxd3 Qb7 20.Rf2 Rd8 21.c3 Bc4 22.Qe3 O-O
23.Nd2 Bg5 24.Qg3 Qe7 25.Qg4 Bh4 26.Rf4 Bg5 27.Rf2 Bh4 28.Rf6 Rxd4 29.Qxd4 Bxf6
30.exf6 Qxf6 31.Nxc4 bxc4 32.Qxc4 e5 33.b4 Rd8 34.Rf1 Qg6 35.Qe2 e4 36.c4 Rd3
37.a4 e3 38.Rg1 Qe4 39.c5 Rd2 40.Qe1 Qd3 41.c6 e2 42.c7 Rc2 43.Qb1 Qe3 44.b5 Rxc7
45.b6 Rd7 46.Re1 Qf2 47.Rc1 Qd4 48.h3 Qd3 49.Qxd3 Rxd3 50.b7 Rd1+ 51.Kh2 Rxc1
52.b8=Q+ Kh7  0-1

[Event "Royal CC NED-GER Match"]
[Site "Venlo NED"]
[Date "2000.08.27"]
[Round "4"]
[White "Lutz,C"]
[Black "Nijboer,F"]
[Result "1-0"]
[WhiteElo "2595"]
[BlackElo "2537"]

1.e4 c5 2.Nf3 e6 3.d4 cxd4 4.Nxd4 a6 5.Bd3 Ne7 6.O-O Nec6 7.c3 Be7 8.Be3 b5
9.Nd2 Bb7 10.f4 O-O 11.Qh5 Nxd4 12.cxd4 g6 13.Qh3 Nc6 14.a3 Bf6 15.Nf3 Ne7
16.Rae1 d5 17.e5 Bg7 18.Bf2 Qb6 19.Kh1 Bc8 20.Ng5 h6 21.Nf3 Re8 22.g4 b4
23.a4 Bd7 24.Nh4 Rac8 25.Qg3 Bxa4 26.f5 g5 27.Ng2 exf5 28.gxf5 f6 29.Ne3 h5
30.h4 Qxd4 31.hxg5 fxe5 32.Ng2 Qg4 33.f6 Rc6 34.Rxe5 Rxf6 35.gxf6 Bxf6 36.Rxh5 Qxg3
37.Bxg3 Bxb2 38.Rg5+  1-0